Đánh giá hiệu quả kinh tế của mô hình sản xuất rau theo nông nghiệp công nghệ cao trên địa bàn thành phố Cần Thơ : Báo cáo tổng kết đề tài nghiên cứu khoa học của sinh viên
Phân tích hiệu quả kinh tế của mô hình sản xuất rau theo nông nghiệp công nghệ cao trên địa bàn thành phố Cần Thơ, từ đó đề xuất những giải pháp cấp thiết nhằm nâng cao hiệu quả sản xuất của mô hình...
Uloženo v:
| Hlavní autor: | |
|---|---|
| Médium: | Kniha |
| Jazyk: | Undetermined |
| Vydáno: |
Cần Thơ
Trường Đại học Cần Thơ
2018
|
| Témata: | |
| Tagy: |
Přidat tag
Žádné tagy, Buďte první, kdo otaguje tento záznam!
|
| Thư viện lưu trữ: | Trung tâm Học liệu Trường Đại học Cần Thơ |
|---|
| LEADER | 01276nam a2200229Ia 4500 | ||
|---|---|---|---|
| 001 | CTU_229265 | ||
| 008 | 210402s9999 xx 000 0 und d | ||
| 082 | |a 338.16 | ||
| 082 | |b A107 | ||
| 088 | |a TSV2018-53 | ||
| 100 | |a Tống, Phương Anh | ||
| 245 | 0 | |a Đánh giá hiệu quả kinh tế của mô hình sản xuất rau theo nông nghiệp công nghệ cao trên địa bàn thành phố Cần Thơ : | |
| 245 | 0 | |b Báo cáo tổng kết đề tài nghiên cứu khoa học của sinh viên | |
| 245 | 0 | |c Tống Phương Anh (Chủ nhiệm đề tài) ; Lê Kim Thanh (Người hướng dẫn) | |
| 260 | |a Cần Thơ | ||
| 260 | |b Trường Đại học Cần Thơ | ||
| 260 | |c 2018 | ||
| 520 | |a Phân tích hiệu quả kinh tế của mô hình sản xuất rau theo nông nghiệp công nghệ cao trên địa bàn thành phố Cần Thơ, từ đó đề xuất những giải pháp cấp thiết nhằm nâng cao hiệu quả sản xuất của mô hình | ||
| 650 | |a Nông nghiệp,Agricultural | ||
| 650 | |x Khía cạnh kinh tế,Economic aspect | ||
| 910 | |b nthai | ||
| 980 | |a Trung tâm Học liệu Trường Đại học Cần Thơ | ||